Diseño de un sistema de bombeo de agua con energía solar para suministro de agua a la finca Santa Isabel ubicada en el municipio Villa Carlos Fonseca, departamento de Managua
El objetivo del presente proyecto es bombear agua haciendo uso de un sistema de energía fotovoltaica autónomo, apropiada a lugares donde comúnmente no existe suministro eléctrico. Esto facilitara el trabajo diario y el consumo doméstico. Por ello se realiza un diseño de un sistema de bombeo fo...
| Main Authors: | , , |
|---|---|
| Other Authors: | |
| Format: | Tesis Section = Libro |
| Language: | Undetermined Spanish |
| Published: |
Managua
UNI
2021
|
| Subjects: |
| LEADER | 01378nam a2200289Ia 4500 | ||
|---|---|---|---|
| 008 | 240830s9999 xx 000 0 und d | ||
| 040 | |a BIBLIOTECA-RUPAP Mon 621.31244 M228 | ||
| 041 | |a spa | ||
| 082 | |a Mon 621.31244 M228 | ||
| 100 | 1 | |a Mairena Obando, Carlos Javier | |
| 100 | 1 | |b Pilarte Quiroz, Cristopher Alexander | |
| 100 | 1 | |c Vega Oviedo, Kenneth Wilfredo | |
| 245 | 1 | 0 | |a Diseño de un sistema de bombeo de agua con energía solar para suministro de agua a la finca Santa Isabel ubicada en el municipio Villa Carlos Fonseca, departamento de Managua |
| 260 | |a Managua |b UNI |c 2021 | ||
| 300 | |a 197 p. : il. | ||
| 500 | |a Contiene: anexos y CD. | ||
| 502 | |a Tesis (Ingeniero Mecánico) - UNI, 2021. | ||
| 520 | 3 | |a El objetivo del presente proyecto es bombear agua haciendo uso de un sistema de energía fotovoltaica autónomo, apropiada a lugares donde comúnmente no existe suministro eléctrico. Esto facilitara el trabajo diario y el consumo doméstico. Por ello se realiza un diseño de un sistema de bombeo fotovoltaico autónomo. | |
| 650 | 7 | |a ENERGIA FOTOVOLTAICA-USO | |
| 650 | 7 | |b RADIACION SOLAR-NICARAGUA. | |
| 650 | 7 | |c SISTEMA DE BOMBEO SOLAR FOTOVOLTAICO-DISEÑO | |
| 650 | 7 | |d GENERADOR FOTOVOLTAICO | |
| 650 | 7 | |e SISTEMA DE BOMBEO DE AGUA. | |
| 700 | 1 | |a Tutor: |b Pérez Palma, Donald | |
| 942 | |c BK |2 ddc | ||
| 991 | |a TESIS | ||
| 999 | |c 18905 | ||